• 首页
  • 本馆介绍
  • 公告通知
  • 最新文献
  • 馆藏检索
  • 电子资源
  • 读者导购
  • 参考咨询
  • 我的图书馆
  • 登录
  • 详细信息显示
  • 放入我的书架
  • 预约/预借图书
  • 作者相关作品
  • 分类相关作品
  • 丛书相关作品
  • 出版社相关作品

书目信息

  • 表格格式
  • 工作单格式
  • 卡片格式
题名:
先秦史传文译释
    
 
作者: 世积 曲
分册:  
出版信息: 石家庄   黑龙江人民出版社  29738
页数: 265页
开本: 20cm
丛书名:
单 册:
中图分类: K234.07
科图分类:
主题词: 中国--古代史--封建社会
电子资源:
ISBN:
000 00506nam0 2200181 450
001 0728815141
005 20070819080015.14
010    @d¥1.25
100    @a20070819d km y0chiy0120 ea
101 0  @achi
200 1  @a先秦史传文译释@Axian qin shi chuan wen yi shi@f曲世积@Fqu shi ji
210    @a石家庄@c黑龙江人民出版社@d29738
215    @a265页@d20cm
606 0  @a中国@x古代史@x封建社会
690    @aK234.07@v3
701  0 @a世积@Ashi ji@4曲
801  0 @aCN@bPFT@c20070819
905    @a213230@dK234.07@eZW49@f1
    
    先秦史传文译释/曲世积.-石家庄:黑龙江人民出版社,29738
    265页;20cm
    
    
    ISBN :¥1.25
    
●
相关链接 在E读中查询图书 在五车中查询图书 在当当中查询图书 在豆瓣中查询图书


正题名:先秦史传文译释     索取号:K234.07/ZW49         预约/预借

序号 登录号 条形码 馆藏地/架位号 状态 备注
1 7601809   276018097   密集书库-文学院/ [索取号:K234.07/ZW49] 在馆    
唐山师范学院图书馆 欢迎您!
大连网信软件有限公司© 版权所有